[Event "AUTO-ELITE-08"]
[Site "http://www.queenalice.com/game.php?id=31089"]
[Date "2005.9.30"]
[Round "1"]
[White "CTRN"]
[Black "plug"]
[Result "0-1"]
[WhiteElo "1338"]
[BlackElo "1562"]

1. e4 c5 2. Bc4 e6 3. e5 Nc6 4. Nf3 d6 5. exd6 Bxd6 6. O-O Nf6 7. Nc3 a6 8. d3
O-O 9. Ne4 Nxe4 10. dxe4 b5 11. Be2 Bb7 12. Bg5 f6 13. Bh4 Ne5 14. Nxe5 Bxe5 15.
Bf3 Bxb2 16. Rb1 Be5 17. a4 Bc6 18. Qxd8 Rfxd8 19. axb5 Bxb5 20. Rfc1 c4 21. Rb4
Bc3 22. Rbb1 Rd2 23. e5 Rf8 24. Bg3 f5 25. h3 Ba5 26. c3 Bc7 27. Rd1 Rfd8 28.
Bf4 R2d3 29. Bg5 Rc8 30. Rxd3 cxd3 31. Rd1 Bxe5 32. Bb7 Rxc3 0-1

[Event "AUTO-ELITE-08"]
[Site "http://www.queenalice.com/game.php?id=31100"]
[Date "2005.9.30"]
[Round "1"]
[White "dladetto"]
[Black "CTRN"]
[Result "1-0"]
[WhiteElo "1879"]
[BlackElo "1353"]

1. e4 e5 2. Nf3 Nc6 3. Bb5 a6 4. Ba4 Nf6 5. O-O Nxe4 6. Re1 Nc5 7. Nxe5 Nxe5 8.
Rxe5+ Ne6 9. d4 Bd6 10. Re2 O-O 11. c4 Qh4 12. h3 Nxd4 13. Re3 b5 14. Rd3 bxa4
15. Rxd4 Qf6 16. Re4 Bc5 17. Rf4 Qc6 18. Nc3 Bb7 19. Nd5 Rae8 20. Rg4 g6 21. Bh6
f5 22. Bxf8 Rxf8 23. Rd4 Bxd4 24. Ne7+ Kf7 25. Nxc6 Bxb2 26. Qxd7+ Kg8 27. Ne7+
Kh8 28. Rb1 a3 29. Qxc7 Be4 30. Re1 Kg7 31. Nxf5+ Kg8 32. Nh6+ Kh8 33. Rxe4 1-0

[Event "AUTO-ELITE-08"]
[Site "http://www.queenalice.com/game.php?id=31101"]
[Date "2005.9.30"]
[Round "1"]
[White "CTRN"]
[Black "dladetto"]
[Result "0-1"]
[WhiteElo "1326"]
[BlackElo "1881"]

1. e4 e5 2. Nf3 Nc6 3. Nc3 Nf6 4. b3 d5 5. exd5 Nxd5 6. Nxd5 Qxd5 7. Bc4 Qe4+ 8.
Be2 Bg4 9. d3 Qd5 10. c4 Bb4+ 11. Bd2 Qa5 12. a3 Bxd2+ 13. Nxd2 Bxe2 14. Kxe2
Qc5 15. Nf3 O-O-O 16. b4 Nd4+ 17. Kf1 Qd6 18. c5 Qf6 19. Rc1 Nxf3 20. gxf3 Rhe8
21. Rc4 Qa6 22. Qb3 f5 23. b5 Qh6 24. b6 axb6 25. cxb6 c6 26. Ke2 e4 27. fxe4
fxe4 28. d4 Qf4 29. Qe3 Qf7 30. Rhc1 Qh5+ 31. Kd2 Qa5+ 32. R1c3 Qxb6 33. a4 Qc7
34. Qh3+ Kb8 0-1

[Event "AUTO-ELITE-08"]
[Site "http://www.queenalice.com/game.php?id=31108"]
[Date "2005.9.30"]
[Round "1"]
[White "CTRN"]
[Black "wiske"]
[Result "0-1"]
[WhiteElo "1324"]
[BlackElo "2056"]

1. e4 e5 2. Nf3 Nc6 3. Nc3 Nf6 4. h3 Bb4 5. Bb5 O-O 6. O-O d6 7. a3 Bxc3 8. bxc3
Nxe4 9. Bb2 Ng5 10. Nxg5 Qxg5 11. Qf3 e4 12. Qe3 Qxb5 13. Bc1 Bf5 14. a4 Qd5 15.
Bb2 Ne5 16. f3 Nc4 17. Qf2 exf3 18. Qxf3 Be4 0-1

[Event "AUTO-ELITE-08"]
[Site "http://www.queenalice.com/game.php?id=31109"]
[Date "2005.9.30"]
[Round "1"]
[White "wiske"]
[Black "CTRN"]
[Result "1-0"]
[WhiteElo "2056"]
[BlackElo "1324"]

1. e4 e5 2. Nf3 Nc6 3. Bb5 a6 4. Ba4 Nf6 5. O-O Nxe4 6. d4 b5 7. Bb3 Be7 8. dxe5
O-O 9. Be3 Nc5 10. Bxc5 Bxc5 11. Nc3 Na5 12. Qd5 Nb7 13. Ne4 c6 14. Qd2 Qe7 15.
Rfe1 h6 16. Qd3 Bb4 17. Nf6+ gxf6 18. Qg6+ 1-0

[Event "AUTO-ELITE-10"]
[Site "http://www.queenalice.com/game.php?id=33872"]
[Date "2005.10.19"]
[Round "1"]
[White "CTRN"]
[Black "edwin"]
[Result "0-1"]
[WhiteElo "1328"]
[BlackElo "1965"]

1. e4 e5 2. Nf3 Nc6 3. Bc4 Nf6 4. O-O Bc5 5. c3 O-O 6. d4 exd4 7. cxd4 Bb6 8.
Bg5 a6 9. e5 h6 10. Bxf6 gxf6 0-1

[Event "AUTO-ELITE-10"]
[Site "http://www.queenalice.com/game.php?id=33887"]
[Date "2005.10.19"]
[Round "1"]
[White "salso"]
[Black "CTRN"]
[Result "1-0"]
[WhiteElo "1972"]
[BlackElo "1353"]

1. d4 d5 2. c4 Nf6 3. Nf3 dxc4 4. e3 b5 5. a4 c6 6. axb5 cxb5 7. b3 Ba6 8. bxc4
bxc4 9. Rxa6 Nxa6 10. Qa4+ Nd7 11. Qxa6 e6 12. Bxc4 1-0

[Event "AUTO-ELITE-10"]
[Site "http://www.queenalice.com/game.php?id=33888"]
[Date "2005.10.19"]
[Round "1"]
[White "CTRN"]
[Black "salso"]
[Result "0-1"]
[WhiteElo "1353"]
[BlackElo "1974"]

1. e4 d6 2. Bb5+ c6 3. Ba4 Nf6 4. Nc3 b5 5. Bb3 b4 6. Na4 Nxe4 7. Qf3 d5 8. d3
Nf6 9. Bd2 e5 10. a3 bxa3 11. Rxa3 Bxa3 0-1

[Event "AUTO-ELITE-10"]
[Site "http://www.queenalice.com/game.php?id=33897"]
[Date "2005.10.19"]
[Round "1"]
[White "MikeDoherty"]
[Black "CTRN"]
[Result "1-0"]
[WhiteElo "1950"]
[BlackElo "1353"]

1. e4 e5 2. Nf3 Nc6 3. Bb5 d6 4. O-O a6 5. Ba4 b5 6. Bb3 Nd4 7. Nxd4 exd4 8. e5
dxe5 9. Qf3 Be6 10. Bxe6 fxe6 11. Qh5+ g6 12. Qxe5 Nf6 13. Qxe6+ Be7 14. Re1 Ng8
15. Qc6+ Kf8 16. d3 Ra7 17. Bf4 h5 18. Nd2 Nf6 19. Rxe7 Qxe7 20. Bg5 Kg7 21. Ne4
Rf8 22. Nxf6 Qf7 23. Re1 Raa8 24. Nxh5+ Kh8 25. Nf4 1-0

[Event "AUTO-ELITE-10"]
[Site "http://www.queenalice.com/game.php?id=33898"]
[Date "2005.10.19"]
[Round "1"]
[White "CTRN"]
[Black "MikeDoherty"]
[Result "0-1"]
[WhiteElo "1353"]
[BlackElo "1948"]

1. e4 e6 2. d4 d5 3. e5 c5 4. Bb5+ Nc6 5. Nf3 Qb6 6. dxc5 Qxb5 7. Na3 Qxc5 8.
O-O Qb6 9. c3 Bxa3 10. bxa3 Nge7 11. Be3 Qc7 12. Rb1 b6 13. Nd4 Qxe5 14. Qf3 O-O
15. Rbc1 Ba6 16. Rfe1 Nxd4 17. cxd4 Qf5 18. Qd1 Bc4 19. Qd2 Ng6 20. g3 Qg4 21.
a4 Nh4 22. f3 Nxf3+ 23. Kf2 Nxd2 24. Bxd2 Rfc8 0-1

[Event "AUTO-ELITE-11"]
[Site "http://www.queenalice.com/game.php?id=34827"]
[Date "2005.10.25"]
[Round "1"]
[White "CTRN"]
[Black "ENDHER"]
[Result "0-1"]
[WhiteElo "1672"]
[BlackElo "2008"]

1. e4 e5 2. Nf3 Nc6 3. Bc4 h6 4. d3 Nf6 5. O-O Bc5 6. Nc3 O-O 7. Nd5 a6 8. Be3
d6 9. Bxc5 dxc5 10. Nxf6+ Qxf6 11. b3 Bg4 12. h3 Bh5 13. c3 Na5 14. Bd5 c6 15.
b4 cxd5 16. bxa5 dxe4 17. dxe4 Rad8 18. Qb3 Bxf3 19. gxf3 Qxf3 20. Qxb7 f5 21.
exf5 Qxb7 22. f3 Rxf5 0-1

[Event "AUTO-ELITE-11"]
[Site "http://www.queenalice.com/game.php?id=34828"]
[Date "2005.10.25"]
[Round "1"]
[White "ENDHER"]
[Black "CTRN"]
[Result "1-0"]
[WhiteElo "2005"]
[BlackElo "1689"]

1. d4 d5 2. c4 e6 3. Nc3 c6 4. e4 Nf6 5. e5 Ne4 6. Nxe4 dxe4 7. Qc2 Bb4+ 8. Bd2
Bxd2+ 9. Qxd2 O-O 10. Be2 b6 11. Nh3 h6 12. Qe3 Qh4 13. Nf4 Qe7 14. Qxe4 Qb4+
15. Kf1 Qxb2 16. Rb1 Qxa2 17. Bd3 g6 18. Nxg6 Bb7 19. Ne7+ Kg7 20. Qh7# 1-0

[Event "Challenge I"]
[Site "http://www.queenalice.com/game.php?id=36043"]
[Date "2005.11.2"]
[Round "-"]
[White "Adriano_Pereira"]
[Black "CTRN"]
[Result "1-0"]
[WhiteElo "1451"]
[BlackElo "1419"]

1. e4 e5 2. Qf3 Bb4 3. Bc4 f6 4. Qh5+ g6 5. Qf3 Ne7 6. Qxf6 d5 7. Bb5+ c6 8.
Qxh8+ Ng8 9. Qxg8+ Ke7 10. Qxh7+ Kf6 11. Bd3 Qe7 12. Qh6 dxe4 13. Bxe4 Qd6 14.
Qxg6+ Ke7 15. Qg7+ Kd8 16. c3 Qd3 17. Bxd3 1-0

[Event "Challenge III"]
[Site "http://www.queenalice.com/game.php?id=36046"]
[Date "2005.11.2"]
[Round "-"]
[White "Adriano_Pereira"]
[Black "CTRN"]
[Result "1-0"]
[WhiteElo "1466"]
[BlackElo "1382"]

1. e4 e5 2. Qf3 Bc5 3. Bc4 f6 4. Qf5 Ne7 5. g4 Nxf5 6. gxf5 g5 7. fxg6 b5 8.
Bxb5 f5 9. exf5 Qh4 10. d4 Bxd4 11. Be3 Bxe3 12. Ke2 Qxh2 13. Rxh2 Rf8 14. fxe3
Rxf5 15. Rxh7 c6 16. g7 Kf7 17. Bc4+ Kg6 18. g8=Q+ Kf6 19. Qf7+ Kg5 20. Nh3+ Kg4
21. Qg6+ Rg5 22. Qxg5# 1-0